00631nam a2200193Ia 4500008004100000020001500041082001600056100002000072245005500092250000800147260004200155300003000197500001900227600002700246650001500273942000700288952012700295999001500422240925s9999 xx 000 0 und d a8178089912 a621.395 RAB aRabaey ,Jan .M 0aDigital Integrated Circuits: a design perspective  a2nd aSingapore:bPearson educationc,2005. axvi,1115p.bNAfPhotocopy aIncludes Index aElectronic Engineering aTechnology cBK 001040708ELaUITUbUITUd2005-06-23eStandard Booksg395.00l0o621.395 RABpQ6204r2024-09-25 07:14:07w2024-09-25yBK c8703d8703